[Event "DVM U20 2020"]
[Site "Willingen GER"]
[Date "2021.06.25"]
[Round "4"]
[White "Niemann, Leon"]
[Black "Jahrke, Jonas"]
[Result "1/2-1/2"]
[Termination "normal"]
[Board "6.6"]
[WhiteElo "1838"]
[BlackElo "1837"]
[WhiteClock "00:02:19"]
[BlackClock "00:15:41"]
[WhiteTeam "SK Lehrte von 1919 e. V."]
[BlackTeam "Schachfreunde Essen-Katernberg"]
[PlyCount "54"]
[WhiteFideId "16218388"]
[BlackFideId "12984353"]
[EventCountry "GER"]
[EventRounds "7"]
[EventType "team-swiss"]
[EventDate "2021.06.23"]

1. e4 {[%clk 01:30:59]} c5 {[%clk 01:30:54]} {[%emt 00:00:06]} 2. Nf3 {[%clk
01:31:27]} {[%emt 00:00:03]} a6 {[%clk 01:31:19]} {[%emt 00:00:05]} 3. d4
{[%clk 01:31:53]} {[%emt 00:00:03]} cxd4 {[%clk 01:31:44]} {[%emt 00:00:04]} 4.
Nxd4 {[%clk 01:32:20]} {[%emt 00:00:04]} e5 {[%clk 01:32:09]} {[%emt 00:00:05]}
5. Nb3 {[%clk 01:32:47]} {[%emt 00:00:04]} Nf6 {[%clk 01:31:17]} {[%emt
00:01:20]} 6. Nc3 {[%clk 01:32:48]} {[%emt 00:00:30]} Bb4 {[%clk 01:30:26]}
{[%emt 00:01:20]} 7. Bd3 {[%clk 01:29:47]} {[%emt 00:03:33]} Bxc3+ {[%clk
01:27:46]} {[%emt 00:03:09]} 8. bxc3 {[%clk 01:30:12]} {[%emt 00:00:05]} d5
{[%clk 01:20:06]} {[%emt 00:08:10]} 9. exd5 {[%clk 01:13:32]} {[%emt 00:17:11]}
Qxd5 {[%clk 01:18:19]} {[%emt 00:02:15]} 10. f3 {[%clk 01:00:37]} {[%emt
00:13:26]} O-O {[%clk 01:16:08]} {[%emt 00:02:40]} 11. O-O {[%clk 00:59:57]}
{[%emt 00:01:12]} Be6 {[%clk 01:14:25]} {[%emt 00:02:12]} 12. Qe2 {[%clk
00:55:40]} {[%emt 00:04:47]} Nbd7 {[%clk 01:11:53]} {[%emt 00:03:01]} 13. c4
{[%clk 00:46:57]} {[%emt 00:09:15]} Qc6 {[%clk 01:11:27]} {[%emt 00:00:52]} 14.
Re1 {[%clk 00:30:20]} {[%emt 00:17:11]} Rfe8 {[%clk 01:10:14]} {[%emt
00:01:42]} 15. Bb2 {[%clk 00:28:35]} {[%emt 00:02:16]} Rac8 {[%clk 00:51:57]}
{[%emt 00:18:47]} 16. Bxe5 {[%clk 00:19:54]} {[%emt 00:09:11]} Nxe5 {[%clk
00:49:25]} {[%emt 00:03:01]} 17. Qxe5 {[%clk 00:19:34]} {[%emt 00:00:50]} Bxc4
{[%clk 00:49:42]} {[%emt 00:00:13]} 18. Qg5 {[%clk 00:18:33]} {[%emt 00:01:32]}
Bxd3 {[%clk 00:49:06]} {[%emt 00:01:05]} 19. cxd3 {[%clk 00:19:01]} {[%emt
00:00:02]} h6 {[%clk 00:48:11]} {[%emt 00:01:25]} 20. Qf5 {[%clk 00:18:14]}
{[%emt 00:01:17]} Qb6+ {[%clk 00:45:44]} {[%emt 00:02:56]} 21. d4 {[%clk
00:17:50]} {[%emt 00:00:57]} Qb4 {[%clk 00:44:45]} {[%emt 00:01:26]} 22. Rxe8+
{[%clk 00:12:36]} {[%emt 00:05:47]} Rxe8 {[%clk 00:44:59]} {[%emt 00:00:16]}
23. h3 {[%clk 00:12:27]} {[%emt 00:00:39]} Qc3 {[%clk 00:35:27]} {[%emt
00:10:00]} 24. Rc1 {[%clk 00:05:38]} {[%emt 00:07:21]} Qe3+ {[%clk 00:27:01]}
{[%emt 00:08:55]} 25. Kh2 {[%clk 00:05:50]} {[%emt 00:00:19]} Qe6 {[%clk
00:18:11]} {[%emt 00:09:19]} 26. Qxe6 {[%clk 00:04:10]} {[%emt 00:02:11]} Rxe6
{[%clk 00:15:56]} {[%emt 00:02:44]} 27. Rc8+ {[%clk 00:02:19]} {[%emt
00:02:21]} Re8 {[%clk 00:15:41]} {[%emt 00:00:44]} 1/2-1/2

[Event "DVM U20 2020"]
[Site "Willingen GER"]
[Date "2021.06.25"]
[Round "4"]
[White "Krastev, Alexander"]
[Black "Wendler, David"]
[Result "1-0"]
[Termination "normal"]
[Board "7.1"]
[WhiteTitle "FM"]
[WhiteElo "2355"]
[BlackElo "2295"]
[WhiteClock "00:34:44"]
[BlackClock "00:26:36"]
[WhiteTeam "Biebertaler Schachfreunde"]
[BlackTeam "SK Bebenhausen 1992"]
[PlyCount "101"]
[WhiteFideId "12989983"]
[BlackFideId "12938360"]
[EventCountry "GER"]
[EventRounds "7"]
[EventType "team-swiss"]
[EventDate "2021.06.23"]

1. e4 {[%clk 01:30:57]} {[%emt 00:00:03]} c5 {[%clk 01:30:48]} {[%emt
00:00:12]} 2. Nf3 {[%clk 01:31:20]} {[%emt 00:00:08]} Nc6 {[%clk 01:31:06]}
{[%emt 00:00:12]} 3. Bb5 {[%clk 01:31:44]} {[%emt 00:00:05]} g6 {[%clk
01:31:05]} {[%emt 00:00:32]} 4. Bxc6 {[%clk 01:32:06]} {[%emt 00:00:08]} bxc6
{[%clk 01:31:09]} {[%emt 00:00:25]} 5. O-O {[%clk 01:32:28]} {[%emt 00:00:09]}
Bg7 {[%clk 01:31:30]} {[%emt 00:00:09]} 6. Re1 {[%clk 01:32:53]} {[%emt
00:00:05]} Nh6 {[%clk 01:30:16]} {[%emt 00:01:44]} 7. c3 {[%clk 01:33:15]}
{[%emt 00:00:08]} O-O {[%clk 01:30:25]} {[%emt 00:00:21]} 8. d4 {[%clk
01:33:41]} {[%emt 00:00:04]} cxd4 {[%clk 01:30:48]} {[%emt 00:00:08]} 9. cxd4
{[%clk 01:34:08]} {[%emt 00:00:04]} d5 {[%clk 01:30:02]} {[%emt 00:01:15]} 10.
e5 {[%clk 01:34:32]} {[%emt 00:00:05]} f6 {[%clk 01:29:12]} {[%emt 00:01:21]}
11. h3 {[%clk 01:34:43]} {[%emt 00:00:19]} Nf7 {[%clk 01:26:28]} {[%emt
00:03:14]} 12. e6 {[%clk 01:34:21]} {[%emt 00:00:52]} Nd6 {[%clk 01:25:22]}
{[%emt 00:01:36]} 13. Nc3 {[%clk 01:34:45]} {[%emt 00:00:05]} f5 {[%clk
01:09:22]} {[%emt 00:16:31]} 14. Ne5 {[%clk 01:33:04]} {[%emt 00:02:10]} Bxe6
{[%clk 00:51:38]} {[%emt 00:18:15]} 15. Nxc6 {[%clk 01:23:54]} {[%emt
00:09:40]} Qd7 {[%clk 00:51:59]} {[%emt 00:00:08]} 16. Nxd5 {[%clk 00:53:53]}
{[%emt 00:30:32]} Bxd5 {[%clk 00:51:53]} {[%emt 00:00:36]} 17. Nxe7+ {[%clk
00:54:19]} {[%emt 00:00:03]} Kh8 {[%clk 00:52:12]} {[%emt 00:00:11]} 18. Nxd5
{[%clk 00:54:44]} {[%emt 00:00:05]} Ne4 {[%clk 00:49:30]} {[%emt 00:03:13]} 19.
Nc3 {[%clk 00:54:09]} {[%emt 00:01:04]} Qxd4 {[%clk 00:47:01]} {[%emt
00:02:59]} 20. Nxe4 {[%clk 00:52:48]} {[%emt 00:01:52]} fxe4 {[%clk 00:45:01]}
{[%emt 00:02:30]} 21. Qxd4 {[%clk 00:52:44]} {[%emt 00:00:34]} Bxd4 {[%clk
00:45:26]} {[%emt 00:00:05]} 22. Be3 {[%clk 00:53:08]} {[%emt 00:00:06]} Bxb2
{[%clk 00:44:56]} {[%emt 00:01:00]} 23. Rab1 {[%clk 00:53:33]} {[%emt
00:00:05]} Be5 {[%clk 00:40:43]} {[%emt 00:04:42]} 24. Rb7 {[%clk 00:51:19]}
{[%emt 00:02:45]} Rfb8 {[%clk 00:39:38]} {[%emt 00:01:34]} 25. Re7 {[%clk
00:51:32]} {[%emt 00:00:18]} Bf6 {[%clk 00:39:28]} {[%emt 00:00:39]} 26. Rxe4
{[%clk 00:50:55]} {[%emt 00:01:07]} Rb2 {[%clk 00:39:22]} {[%emt 00:00:36]} 27.
Re6 {[%clk 00:50:19]} {[%emt 00:01:07]} Bg7 {[%clk 00:39:15]} {[%emt 00:00:36]}
28. Ra6 {[%clk 00:49:27]} {[%emt 00:01:23]} Kg8 {[%clk 00:38:38]} {[%emt
00:01:07]} 29. Rc1 {[%clk 00:48:28]} {[%emt 00:01:29]} Be5 {[%clk 00:38:06]}
{[%emt 00:01:02]} 30. g3 {[%clk 00:44:07]} {[%emt 00:04:51]} Rb7 {[%clk
00:34:22]} {[%emt 00:04:13]} 31. Rc4 {[%clk 00:41:44]} {[%emt 00:02:54]} Kf7
{[%clk 00:31:29]} {[%emt 00:03:23]} 32. Rca4 {[%clk 00:41:16]} {[%emt
00:00:58]} Bb8 {[%clk 00:31:39]} {[%emt 00:00:19]} 33. Kg2 {[%clk 00:41:35]}
{[%emt 00:00:11]} Kg8 {[%clk 00:31:14]} {[%emt 00:00:55]} 34. h4 {[%clk
00:40:07]} {[%emt 00:01:59]} Rd7 {[%clk 00:31:14]} {[%emt 00:02:25]} 35. Kh3
{[%clk 00:40:03]} {[%emt 00:00:39]} Re7 {[%clk 00:31:05]} {[%emt 00:00:39]} 36.
R4a5 {[%clk 00:38:22]} {[%emt 00:02:10]} Rd7 {[%clk 00:29:02]} {[%emt
00:02:33]} 37. Kg2 {[%clk 00:37:54]} {[%emt 00:00:58]} Kg7 {[%emt 00:00:34]}
38. h5 {[%clk 00:36:32]} {[%emt 00:01:49]} gxh5 {[%clk 00:28:13]} {[%emt
00:01:18]} 39. Rg5+ {[%clk 00:36:43]} {[%emt 00:00:20]} Kf7 {[%clk 00:26:22]}
{[%emt 00:02:21]} 40. Rxh5 {[%clk 00:37:00]} {[%emt 00:00:13]} Kg8 {[%clk
00:25:47]} {[%emt 00:01:05]} 41. Rg5+ {[%clk 00:34:58]} {[%emt 00:02:33]} Rg7
{[%clk 00:25:03]} 42. Rxg7+ {[%clk 00:33:36]} {[%emt 00:03:06]} Kxg7 {[%clk
00:25:23]} 43. a4 {[%clk 00:33:27]} {[%emt 00:00:47]} Kg8 {[%clk 00:25:44]}
{[%emt 00:00:09]} 44. Kf3 {[%clk 00:33:46]} {[%emt 00:00:12]} Be5 {[%clk
00:24:38]} {[%emt 00:01:36]} 45. Rxa7 {[%clk 00:34:09]} {[%emt 00:00:06]} Rc8
{[%clk 00:24:59]} {[%emt 00:00:09]} 46. a5 {[%clk 00:34:22]} {[%emt 00:00:18]}
Rc4 {[%clk 00:25:12]} {[%emt 00:00:16]} 47. a6 {[%clk 00:34:20]} {[%emt
00:00:32]} Bd4 {[%clk 00:25:30]} {[%emt 00:00:12]} 48. Ra8+ {[%clk 00:34:00]}
{[%emt 00:00:49]} Kg7 {[%emt 00:00:21]} 49. a7 Bxe3 {[%clk 00:26:10]} {[%emt
00:00:09]} 50. Rg8+ {[%clk 00:34:44]} {[%emt 00:00:06]} Kxg8 {[%clk 00:26:36]}
{[%emt 00:00:05]} 51. a8=Q+ {[%emt 00:00:48]} 1-0

[Event "DVM U20 2020"]
[Site "Willingen GER"]
[Date "2021.06.25"]
[Round "4"]
[White "Waffenschmidt, Lars"]
[Black "Pralle, Finnegan"]
[Result "1-0"]
[Termination "normal"]
[Board "7.2"]
[WhiteElo "1896"]
[BlackElo "1910"]
[WhiteClock "00:24:16"]
[BlackClock "00:52:51"]
[WhiteTeam "SK Bebenhausen 1992"]
[BlackTeam "Biebertaler Schachfreunde"]
[PlyCount "41"]
[WhiteFideId "16244656"]
[BlackFideId "12986615"]
[EventCountry "GER"]
[EventRounds "7"]
[EventType "team-swiss"]
[EventDate "2021.06.23"]

1. e4 {[%clk 01:30:54]} {[%emt 00:00:06]} e5 {[%clk 01:30:33]} {[%emt
00:00:28]} 2. Nf3 {[%clk 01:31:01]} {[%emt 00:00:22]} Nc6 {[%clk 01:30:59]}
{[%emt 00:00:04]} 3. Bc4 {[%clk 01:31:02]} {[%emt 00:00:28]} Nf6 {[%clk
01:30:10]} {[%emt 00:01:20]} 4. Ng5 {[%clk 01:29:44]} {[%emt 00:01:47]} d5
{[%clk 01:30:34]} {[%emt 00:00:07]} 5. exd5 {[%clk 01:30:00]} {[%emt 00:00:14]}
b5 {[%clk 01:31:03]} {[%emt 00:00:02]} 6. Bf1 {[%clk 01:29:50]} {[%emt
00:00:39]} Nd4 {[%clk 01:31:22]} {[%emt 00:00:12]} 7. c3 {[%clk 01:29:50]}
{[%emt 00:00:29]} Nxd5 {[%clk 01:31:19]} {[%emt 00:00:33]} 8. cxd4 {[%clk
01:29:20]} {[%emt 00:01:00]} Qxg5 {[%clk 01:31:20]} {[%emt 00:00:29]} 9. Bxb5+
{[%clk 01:28:42]} {[%emt 00:01:08]} Kd8 {[%clk 01:31:44]} {[%emt 00:00:06]} 10.
O-O {[%clk 01:27:02]} {[%emt 00:02:09]} Bb7 {[%clk 01:29:58]} {[%emt 00:02:17]}
11. Qf3 {[%clk 01:25:48]} {[%emt 00:01:44]} exd4 {[%clk 01:24:55]} {[%emt
00:05:33]} 12. d3 {[%clk 01:18:43]} {[%emt 00:07:35]} Qe5 {[%clk 01:21:22]}
{[%emt 00:04:03]} 13. Nd2 {[%clk 01:01:47]} {[%emt 00:17:27]} Qf4 {[%clk
01:15:58]} {[%emt 00:05:54]} 14. Qh3 {[%clk 00:58:46]} {[%emt 00:03:30]} Bc8
{[%clk 01:15:18]} {[%emt 00:01:10]} 15. Qh5 {[%clk 00:50:02]} {[%emt 00:09:13]}
Ne7 {[%clk 01:10:03]} {[%emt 00:05:45]} 16. Ne4 {[%clk 00:28:27]} {[%emt
00:22:05]} Qf5 {[%clk 01:03:36]} {[%emt 00:06:57]} 17. Ng5 {[%clk 00:26:44]}
{[%emt 00:02:12]} g6 {[%clk 00:59:52]} {[%emt 00:04:15]} 18. Qg4 {[%clk
00:25:13]} {[%emt 00:02:01]} Qxb5 {[%clk 00:55:07]} {[%emt 00:05:16]} 19. Qxd4+
{[%clk 00:24:53]} {[%emt 00:00:49]} Qd5 {[%clk 00:53:21]} {[%emt 00:02:16]} 20.
Qxh8 {[%clk 00:24:48]} {[%emt 00:00:35]} Bb7 {[%clk 00:52:51]} {[%emt
00:01:00]} 21. Ne4 {[%clk 00:24:16]} {[%emt 00:01:01]} 1-0

[Event "DVM U20 2020"]
[Site "Willingen GER"]
[Date "2021.06.25"]
[Round "4"]
[White "Reichelt, Florian"]
[Black "Freiherr von Hauff, Christopher"]
[Result "0-1"]
[Termination "normal"]
[Board "7.3"]
[WhiteElo "1949"]
[BlackElo "1832"]
[WhiteClock "00:05:58"]
[BlackClock "00:08:54"]
[WhiteTeam "Biebertaler Schachfreunde"]
[BlackTeam "SK Bebenhausen 1992"]
[PlyCount "122"]
[WhiteFideId "12960276"]
[BlackFideId "16200691"]
[EventCountry "GER"]
[EventRounds "7"]
[EventType "team-swiss"]
[EventDate "2021.06.23"]

1. e4 {[%clk 01:30:57]} {[%emt 00:00:02]} e5 {[%clk 01:30:54]} {[%emt
00:00:07]} 2. Nf3 {[%clk 01:31:10]} {[%emt 00:00:16]} Nc6 {[%clk 01:31:13]}
{[%emt 00:00:11]} 3. Nc3 {[%clk 01:31:30]} {[%emt 00:00:10]} Nf6 {[%clk
01:31:21]} {[%emt 00:00:24]} 4. d4 {[%clk 01:31:48]} {[%emt 00:00:11]} exd4
{[%clk 01:31:43]} {[%emt 00:00:09]} 5. Nxd4 {[%clk 01:32:11]} {[%emt 00:00:06]}
Bb4 {[%clk 01:31:46]} {[%emt 00:00:27]} 6. Nxc6 {[%clk 01:32:18]} {[%emt
00:00:24]} bxc6 {[%clk 01:32:09]} {[%emt 00:00:06]} 7. Bd3 {[%clk 01:32:32]}
{[%emt 00:00:15]} O-O {[%clk 01:30:04]} {[%emt 00:02:36]} 8. O-O {[%clk
01:32:36]} {[%emt 00:00:26]} d5 {[%clk 01:27:45]} {[%emt 00:02:49]} 9. exd5
{[%clk 01:32:12]} {[%emt 00:00:55]} cxd5 {[%clk 01:28:09]} {[%emt 00:00:05]}
10. h3 {[%clk 01:32:15]} {[%emt 00:00:26]} h6 {[%clk 01:18:39]} {[%emt
00:10:01]} 11. Qf3 {[%clk 01:32:27]} {[%emt 00:00:18]} c6 {[%clk 01:11:17]}
{[%emt 00:07:52]} 12. a3 {[%clk 01:32:40]} {[%emt 00:00:17]} Bd6 {[%clk
01:09:44]} {[%emt 00:02:04]} 13. Ne2 {[%clk 01:26:50]} {[%emt 00:06:19]} Nd7
{[%clk 01:01:43]} {[%emt 00:08:31]} 14. Bf4 {[%clk 01:24:24]} {[%emt 00:02:56]}
Nc5 {[%clk 00:57:33]} {[%emt 00:04:40]} 15. Bxd6 {[%clk 01:15:18]} {[%emt
00:09:36]} Qxd6 {[%clk 00:57:57]} {[%emt 00:00:06]} 16. Bf5 {[%clk 01:15:35]}
{[%emt 00:00:12]} Qf6 {[%clk 00:51:11]} {[%emt 00:07:16]} 17. Qe3 {[%clk
01:07:18]} {[%emt 00:08:48]} d4 {[%clk 00:45:03]} {[%emt 00:06:38]} 18. Nxd4
{[%clk 01:04:58]} {[%emt 00:02:49]} Bxf5 {[%clk 00:44:59]} {[%emt 00:00:35]}
19. Nxf5 {[%clk 01:04:27]} {[%emt 00:01:01]} Qxf5 {[%clk 00:45:24]} {[%emt
00:00:05]} 20. g4 {[%clk 01:04:46]} {[%emt 00:00:11]} Qg5 {[%clk 00:40:44]}
{[%emt 00:05:10]} 21. f4 {[%clk 01:04:56]} {[%emt 00:00:20]} Qd5 {[%clk
00:41:08]} {[%emt 00:00:06]} 22. c4 {[%clk 01:04:48]} {[%emt 00:00:38]} Qxc4
{[%clk 00:39:59]} {[%emt 00:01:38]} 23. Rac1 {[%clk 01:04:31]} {[%emt
00:00:47]} Qd3 {[%clk 00:39:36]} {[%emt 00:00:54]} 24. Qxc5 {[%clk 00:58:43]}
{[%emt 00:06:17]} Qg3+ {[%clk 00:39:54]} {[%emt 00:00:13]} 25. Kh1 {[%clk
00:59:01]} {[%emt 00:00:12]} Qxh3+ {[%clk 00:40:05]} {[%emt 00:00:19]} 26. Kg1
{[%clk 00:59:16]} {[%emt 00:00:15]} Qxg4+ {[%clk 00:40:30]} {[%emt 00:00:06]}
27. Kh1 {[%clk 00:55:22]} {[%emt 00:04:23]} Qh3+ {[%clk 00:33:53]} {[%emt
00:07:08]} 28. Kg1 {[%clk 00:55:35]} {[%emt 00:00:16]} Rae8 {[%clk 00:31:51]}
{[%emt 00:02:32]} 29. Rc2 {[%clk 00:45:36]} {[%emt 00:10:28]} Re6 {[%clk
00:19:04]} {[%emt 00:13:18]} 30. f5 {[%clk 00:44:43]} {[%emt 00:01:23]} Re4
{[%clk 00:18:01]} {[%emt 00:01:33]} 31. Qxc6 {[%clk 00:42:12]} {[%emt
00:03:01]} Rg4+ {[%clk 00:17:07]} {[%emt 00:01:24]} 32. Rg2 {[%clk 00:42:22]}
{[%emt 00:00:20]} Qe3+ {[%clk 00:15:38]} {[%emt 00:01:59]} 33. Rff2 {[%clk
00:35:49]} {[%emt 00:07:02]} Qe1+ {[%clk 00:15:03]} {[%emt 00:01:06]} 34. Rf1
{[%clk 00:35:43]} {[%emt 00:00:36]} Qe3+ {[%clk 00:15:29]} {[%emt 00:00:04]}
35. Rff2 {[%clk 00:36:03]} {[%emt 00:00:10]} Rd4 {[%clk 00:13:09]} {[%emt
00:02:50]} 36. Qc2 {[%clk 00:33:44]} {[%emt 00:02:48]} Rfd8 {[%clk 00:11:02]}
{[%emt 00:02:37]} 37. f6 {[%clk 00:32:27]} {[%emt 00:01:48]} g5 {[%clk
00:09:39]} {[%emt 00:01:54]} 38. Qf5 {[%clk 00:26:54]} {[%emt 00:06:02]} Rd1+
{[%clk 00:03:20]} {[%emt 00:06:50]} 39. Kh2 {[%clk 00:27:11]} {[%emt 00:00:12]}
Qc1 {[%clk 00:03:33]} {[%emt 00:00:17]} 40. Kg3 {[%clk 00:24:55]} {[%emt
00:02:46]} R8d4 {[%clk 00:02:27]} {[%emt 00:01:36]} 41. Qe5 {[%clk 00:15:57]}
{[%emt 00:09:28]} R1d3+ {[%clk 00:01:07]} {[%emt 00:01:49]} 42. Rf3 {[%clk
00:15:16]} {[%emt 00:01:12]} Rxf3+ {[%clk 00:23:44]} {[%emt 00:07:54]} 43. Kxf3
{[%clk 00:45:31]} {[%emt 00:00:14]} Qc6+ {[%clk 00:19:07]} {[%emt 00:05:07]}
44. Ke3 {[%clk 00:44:41]} {[%emt 00:01:20]} Rd8 {[%clk 00:18:56]} {[%emt
00:00:41]} 45. Rxg5+ {[%clk 00:38:39]} {[%emt 00:06:32]} hxg5 {[%clk 00:18:32]}
{[%emt 00:00:54]} 46. Qxg5+ {[%clk 00:39:02]} {[%emt 00:00:07]} Kf8 {[%clk
00:18:57]} {[%emt 00:00:05]} 47. Qg7+ {[%clk 00:38:40]} {[%emt 00:00:52]} Ke8
{[%clk 00:19:22]} {[%emt 00:00:05]} 48. Qg8+ {[%clk 00:38:59]} {[%emt
00:00:10]} Kd7 {[%clk 00:19:46]} {[%emt 00:00:06]} 49. Qxf7+ {[%clk 00:39:09]}
{[%emt 00:00:20]} Kc8 {[%clk 00:19:27]} {[%emt 00:00:49]} 50. Qg6 {[%clk
00:32:49]} {[%emt 00:06:51]} Qc1+ {[%clk 00:17:46]} {[%emt 00:02:11]} 51. Kf3
{[%clk 00:32:48]} {[%emt 00:00:30]} Qd1+ {[%clk 00:17:07]} {[%emt 00:01:10]}
52. Kf4 {[%clk 00:32:08]} {[%emt 00:01:10]} Qd4+ {[%clk 00:16:40]} {[%emt
00:00:57]} 53. Kf5 {[%clk 00:26:16]} {[%emt 00:06:23]} Rd5+ {[%clk 00:13:23]}
{[%emt 00:03:46]} 54. Ke6 {[%clk 00:26:24]} {[%emt 00:00:22]} Re5+ {[%clk
00:11:03]} {[%emt 00:02:50]} 55. Kf7 {[%clk 00:26:39]} {[%emt 00:00:15]} Qd5+
{[%clk 00:10:20]} {[%emt 00:01:13]} 56. Kf8 {[%clk 00:25:59]} {[%emt 00:01:10]}
Re6 {[%clk 00:08:47]} {[%emt 00:02:02]} 57. Qc2+ {[%clk 00:15:44]} {[%emt
00:10:45]} Kd8 {[%clk 00:08:17]} {[%emt 00:01:01]} 58. f7 {[%clk 00:09:46]}
{[%emt 00:06:28]} Qd6 {[%clk 00:08:17]} {[%emt 00:00:30]} 59. Kg7 {[%clk
00:10:00]} {[%emt 00:00:16]} Qe5+ {[%clk 00:08:28]} {[%emt 00:00:19]} 60. Kh7
{[%clk 00:05:48]} {[%emt 00:04:42]} Qh5+ {[%clk 00:08:36]} {[%emt 00:00:21]}
61. Kg7 {[%clk 00:05:58]} {[%emt 00:00:21]} Qh6+ {[%clk 00:08:54]} {[%emt
00:00:12]} 0-1

[Event "DVM U20 2020"]
[Site "Willingen GER"]
[Date "2021.06.25"]
[Round "4"]
[White "Kasüschke, Lars"]
[Black "Limpert, Tillmann"]
[Result "1-0"]
[Termination "normal"]
[Board "7.4"]
[WhiteElo "1960"]
[BlackElo "1671"]
[WhiteClock "00:00:52"]
[BlackClock "00:30:20"]
[WhiteTeam "SK Bebenhausen 1992"]
[BlackTeam "Biebertaler Schachfreunde"]
[PlyCount "72"]
[WhiteFideId "12939510"]
[BlackFideId "16213254"]
[EventCountry "GER"]
[EventRounds "7"]
[EventType "team-swiss"]
[EventDate "2021.06.23"]

1. e4 {[%clk 01:30:48]} {[%emt 00:00:10]} e5 {[%clk 01:30:48]} {[%emt
00:00:12]} 2. Nf3 {[%clk 01:31:12]} {[%emt 00:00:07]} Nc6 {[%clk 01:30:50]}
{[%emt 00:00:28]} 3. Bb5 {[%clk 01:31:37]} {[%emt 00:00:05]} Nf6 {[%clk
01:29:37]} {[%emt 00:01:44]} 4. d3 {[%clk 01:31:49]} {[%emt 00:00:17]} a6
{[%clk 01:24:56]} {[%emt 00:05:11]} 5. Bxc6 {[%clk 01:29:31]} {[%emt 00:02:48]}
dxc6 {[%clk 01:21:12]} {[%emt 00:04:14]} 6. Nxe5 {[%clk 01:29:16]} {[%emt
00:00:45]} Bc5 {[%clk 01:16:15]} {[%emt 00:05:27]} 7. O-O {[%clk 01:27:36]}
{[%emt 00:02:10]} O-O {[%clk 01:15:22]} {[%emt 00:01:24]} 8. h3 {[%clk
01:21:43]} {[%emt 00:06:23]} h6 {[%clk 01:10:44]} {[%emt 00:05:06]} 9. Nd2
{[%clk 01:20:39]} {[%emt 00:01:35]} Nh7 {[%clk 01:06:59]} {[%emt 00:04:15]} 10.
Nef3 {[%clk 01:15:41]} {[%emt 00:05:28]} f5 {[%clk 00:52:03]} {[%emt 00:15:26]}
11. e5 {[%clk 01:15:21]} {[%emt 00:00:50]} Be6 {[%clk 00:50:26]} {[%emt
00:02:06]} 12. Re1 {[%clk 01:12:13]} {[%emt 00:03:39]} b5 {[%clk 00:48:40]}
{[%emt 00:02:16]} 13. Nb3 {[%clk 01:09:29]} {[%emt 00:03:14]} Bb6 {[%clk
00:48:34]} {[%emt 00:00:36]} 14. Qe2 {[%clk 01:07:44]} {[%emt 00:02:13]} f4
{[%clk 00:47:55]} {[%emt 00:01:10]} 15. Bd2 {[%clk 01:04:53]} {[%emt 00:03:21]}
Ng5 {[%clk 00:41:36]} {[%emt 00:06:48]} 16. Bb4 {[%clk 00:57:43]} {[%emt
00:07:40]} Rf5 {[%clk 00:33:53]} {[%emt 00:08:12]} 17. Nxg5 {[%clk 00:48:32]}
{[%emt 00:09:41]} Rxg5 {[%clk 00:33:49]} {[%emt 00:00:35]} 18. Kh2 {[%clk
00:47:34]} {[%emt 00:01:28]} f3 {[%clk 00:31:33]} {[%emt 00:02:47]} 19. Qxf3
{[%clk 00:40:24]} {[%emt 00:07:40]} Rf5 {[%clk 00:21:49]} {[%emt 00:10:13]} 20.
Qe4 {[%clk 00:34:46]} {[%emt 00:06:08]} Rxf2 {[%clk 00:21:16]} {[%emt
00:01:02]} 21. c4 {[%clk 00:33:29]} {[%emt 00:01:47]} Qd7 {[%clk 00:15:03]}
{[%emt 00:06:42]} 22. Rf1 {[%clk 00:26:49]} {[%emt 00:07:11]} Rxb2 {[%clk
00:06:15]} {[%emt 00:09:17]} 23. Rf3 {[%clk 00:26:56]} {[%emt 00:00:24]} a5
{[%clk 00:06:10]} {[%emt 00:00:36]} 24. Bc5 {[%clk 00:22:42]} {[%emt 00:04:44]}
Rxb3 {[%clk 00:06:16]} {[%emt 00:00:24]} 25. Bxb6 {[%clk 00:22:52]} {[%emt
00:00:19]} Rb4 {[%clk 00:04:22]} {[%emt 00:02:24]} 26. Bc5 {[%clk 00:22:43]}
{[%emt 00:00:39]} bxc4 {[%clk 00:03:43]} {[%emt 00:01:08]} 27. Raf1 {[%clk
00:22:34]} {[%emt 00:00:40]} Rbb8 {[%clk 00:03:51]} {[%emt 00:00:23]} 28. dxc4
{[%clk 00:21:37]} {[%emt 00:01:26]} Re8 {[%clk 00:03:29]} {[%emt 00:00:51]} 29.
Rg3 {[%clk 00:18:41]} {[%emt 00:03:27]} Kh8 {[%clk 00:03:16]} {[%emt 00:00:43]}
30. Rg6 {[%clk 00:17:54]} {[%emt 00:01:16]} Bf7 {[%clk 00:01:41]} {[%emt
00:02:06]} 31. Rg3 {[%clk 00:13:08]} {[%emt 00:05:16]} Be6 {[%clk 00:01:37]}
{[%emt 00:00:34]} 32. Rff3 {[%clk 00:12:39]} {[%emt 00:00:59]} Rg8 {[%clk
00:01:22]} {[%emt 00:00:46]} 33. Qh4 {[%clk 00:09:12]} {[%emt 00:03:54]} Rae8
{[%clk 00:01:35]} {[%emt 00:00:19]} 34. Rf4 {[%clk 00:02:29]} {[%emt 00:07:13]}
Rc8 {[%clk 00:02:00]} {[%emt 00:00:05]} 35. Rg6 {[%clk 00:01:58]} {[%emt
00:01:00]} Rce8 {[%clk 00:00:36]} {[%emt 00:01:56]} 36. Bd4 {[%clk 00:00:52]}
{[%emt 00:01:36]} Kh7 {[%clk 00:30:20]} {[%emt 00:00:45]} 1-0